| 000 | 01388nam0a2200265 4500 | ||
|---|---|---|---|
| 001 | RU\NLR\BIBL_A\012076038 | ||
| 005 | 20250627113802.0 | ||
| 035 | _a(NLR Aleph) 012076038 | ||
| 090 |
_a13296127 _c13296127 |
||
| 100 | _a20190815d1955 |||y0rusy50 ca | ||
| 101 | 1 |
_aady _crus |
|
| 102 | _aRU | ||
| 105 | _aa z 000 y | ||
| 200 | 1 |
_aАрифметическэ задачэхэмрэ упражнениниехэмрэ ясборник _eшкол ублапIэм ия 3-рэ класс пае _fН.Н. Никитин, Г.Б. Поляк, Л.Н. Володина _gзэздзэкIыгъэр М. Шэуджэн |
|
| 205 | _aяхэнэрэ тедзэгъу | ||
| 210 |
_aМыекъуапэ _cАдыгэ тхылъ тедзапI _d1955 |
||
| 215 |
_a184, [2] с. _cил. _d22 |
||
| 541 | 1 |
_aСборник арифметических задач и упражнений _eдля 3-го класса начальной школы _zrus |
|
| 700 | 1 |
_4070 _7ca _8rus _aНикитин _bН. Н. _cматематик-педагог _f1885-1966 _gНиколай Никифорович _9210723 _3RU\NLR\AUTH\770210779 |
|
| 701 | 1 |
_4070 _7ca _8rus _aПоляк _bГ. Б. _f1894- _gГригорий Борисович _9223415 _3RU\NLR\AUTH\770223471 |
|
| 701 | 1 |
_aВолодина _bЛ.Н. _gЛюдмила Николаевна _4070 |
|
| 852 |
_aNLR _bОНЛ _jАдыг./3-584 |
||
| 942 | _cBOOK | ||
| 980 | _aNB | ||